000 00757nam a2200241Ia 4500
001 909
003 GE_BSU
008 181216s||||||||xx |||||||||||||| ||und||
020 _a5847900449
040 _cGE_BSU
080 _a327(470)+323(470)
100 _aКазанцев,Ю.И.
245 _aМеждународные отношения и внешняя политика России XX век
245 _bСибирское соглашение
260 _aРостов на Дону
260 _bФеникс
260 _c2002
300 _a352стр.
541 _h10л.
653 _aМеждународные отношения и внешняя политика России XX век
653 _aПолитика
942 _cBK
999 _c35068
_d35068